|
|
|
|
| LEADER |
00000cam a2200000 a 4500 |
| 001 |
vtls008318147 |
| 003 |
SK-MaSNL |
| 005 |
20260301204555.0 |
| 008 |
250312s1957 xo oa f np 000 0 slo |
| 015 |
|
|
|a SNBA1957/04-00563
|
| 020 |
|
|
|q (brožované)
|
| 035 |
|
|
|a SK01SNK19570010364
|
| 035 |
|
|
|a urn:nbn:sk:snk-am3ijw4
|
| 035 |
|
|
|a A8CBFFFF-0DF6-44A6-9649-3712ED482F97
|
| 035 |
|
|
|a urn:nbn:sk:snk-am00emma
|
| 035 |
|
|
|a SKM000012827
|
| 040 |
|
|
|a SNK
|b slo
|c SNK
|e AACR2
|
| 041 |
1 |
|
|a slo
|h cze
|
| 044 |
|
|
|a xo
|c SK
|
| 072 |
|
7 |
|a 614
|x Verejné zdravie a hygiena
|2 konspekt
|
| 072 |
|
7 |
|a 37.016
|x Učebné osnovy. Vyučovacie predmety. Učebnice
|2 konspekt
|
| 080 |
|
|
|a 614(075.3)
|2 1981
|
| 080 |
|
|
|a (075)
|2 2011
|
| 100 |
1 |
|
|a Ganický, Bohdan,
|d 1917-
|4 aut
|9 80032
|
| 240 |
1 |
0 |
|a Zdravotnická osvĕta
|l Slovensky
|
| 245 |
1 |
0 |
|a Zdravotnícka osveta
|b učebný text pre zdravotnícke školy
|c Bohdan Ganický, Ludmila Vančurová ; spolupracovníci: Anna Kovářová ... [et al.] ; [z češtiny Zdravotnická osvĕta ... preložil Štefan Hrkotáč]
|
| 260 |
|
|
|a Martin
|b Osveta
|c 1957
|
| 300 |
|
|
|a 148 strán
|b fotografie, ilustrácie, schémy, tabuľky
|c 21 cm
|
| 366 |
|
|
|e 2200 kusov
|
| 500 |
|
|
|a Zoznam vyobrazení na strane [149]
|
| 500 |
|
|
|a Poznámky pod čiarou
|
| 504 |
|
|
|a Obsahuje bibliografické odkazy
|
| 655 |
|
7 |
|a učebnice
|2 SNKPH
|9 22521
|
| 655 |
|
7 |
|a zdravotnícka osveta
|2 SNKPH
|9 72803
|
| 700 |
1 |
|
|a Vančurová, Ludmila,
|d 1897-1983
|4 aut
|9 190632
|
| 700 |
1 |
|
|a Kovářová, Anna
|4 clb
|9 423226
|
| 700 |
1 |
|
|a Hrkotáč, Štefan,
|d 1925-
|4 clb
|9 27733
|
| 852 |
|
|
|a Slovenská národná knižnica
|
| 958 |
|
|
|a RK
|
| 958 |
|
|
|a TL
|
| 958 |
|
|
|a CZ
|
| 958 |
|
|
|a OP
|
| 958 |
|
|
|a NB
|
| 958 |
|
|
|a OND
|
| 999 |
|
|
|c 906968
|d 908898
|
| 952 |
|
|
|a SNK
|b SNK
|y PREZ
|7 0
|p 17A0798948
|o snkSC 9480
|i snkKSP 701/57
|0 0
|1 0
|4 0
|d 2019-09-06
|f 1
|l 0
|r 2025-07-09 00:00:00
|w 2026-02-24
|